000 01652cam a22004814i 4500
003 PE-LiUPU
005 20250731173030.0
008 150623s r 000 0 d
020 _a0865545146
035 _a(Sirsi) i9780865545144
040 _aPE-LiUPU
_bspa
_cPE-LiUPU
_erda
049 _aPRUA
082 0 4 _a222.4306
_bH391948
_221
100 1 _aHens-Piazza, Gina,
_eautor.
245 1 0 _aOf methods, monarchs, and meanings a sociorhetorical approach to exegesis /
_cGina Hens-Piazza.
264 1 _aMacon, Georgia :
_bMercer University Press,
_c1996.
300 _a200 páginas ;
_c24 centímetros
336 _atext
_2rdacontent
337 _aunmediated
_2rdamedia
338 _avolume
_2rdacarrier
490 0 _aStudies in Old Testament Interpretation ;
_v3
504 _aIncluye bibliografía.
505 0 _aMethod and theory. -The sociorhetorical exegesis of texts.
526 _aSEG42
526 _aSEG41
526 _aSEG40
526 _aSEG39
526 _aP94
526 _aP87
526 _aP86
526 _aP85
526 _aP77
526 _aP76
526 _aP35
630 _aBiblia.
_pA.T.
_pReyes I
_xComentarios.
630 _aBiblia.
_pA.T.
_pSamuel I, II
_xComentarios.
942 _2ddc
_cBOOK
949 _a222.4306 H39 1948
_wDEWEY
_c1
_i48102
_lCCODEBUL1
_mBUL
_r0
_sY
_tBOOK
_u2015-6-24
_xTEOLOGIA
_PP35
_0COMPRA
_o.STAFF. Colección General
994 _aC0
_bPEPRU
596 _a1
999 _a222.4306 H39 1948
_wDEWEY
_c25077
_i48102
_f2021-11-9
_g5
_lCCODEBUL1
_mBUL
_r0
_sY
_tBOOK
_u2015-6-24
_xTEOLOGIA
_PP35
_0COMPRA
_o.STAFF. Colección General
_d25077
980 _81
_gALBERTO SANCHEZ Responsable de Automatización